Country Capital Minefield: Oceania Quiz Stats

 Plays Quiz Updated Dec 4, 2016

Support Sporcle.
Go Orange.
Score 0/7 Timer 00:30
9 Plays Today
% Correct
???
76.9%
???
63.5%
???
62%
???
43.7%
???
40.5%
???
39.6%
???
35.9%

From the Vault

Find the Cartoon Dogs

by kfastic

This quiz has gone to the dogs, but in a good way.
Remove Ads.
Support Sporcle.
Get the best of Sporcle when you Go Orange. This ad-free experience offers more features, more stats, and more fun while also helping to support Sporcle. Thank you for becoming a member.

Show Comments

Extras

Top Quizzes Today


Score Distribution

Your Account Isn't Verified!

In order to create a playlist on Sporcle, you need to verify the email address you used during registration. Go to your Sporcle Settings to finish the process.

Report this User

Report this user for behavior that violates our Community Guidelines.

Details: